Statistics for Monopoly Tokens

Click here to take the quiz!

General Stats

  • This quiz has been taken 11 times
  • The average score is 5 of 18

Answer Stats

Answer% Correct
Top Hat
73%
Thimble
64%
Iron
55%
Wheelbarrow
55%
Racecar
36%
Scottie Dog
36%
Battleship
27%
Boot
27%
Cat
27%
T-Rex
27%
Cannon
9%
Penguin
9%
Rocking Horse
9%
Rubber Duck
9%
Horse and Rider
0%
Lantern
0%
Purse
0%
Sack of Money
0%

Score Distribution

Percentile by Number Answered

Percent of People with Each Score

Your Score History

You have not taken this quiz